000 00573nam a2200157 i 4500
001 70234
003 ES-MaACL
005 20230906170748.0
007 t|
008 040720s1915 sp ||||1| spa d
100 1 _aGarcía de Quevedo y Concellón, Eloy.
_954494
245 1 0 _aInstituto General y Técnico de Burgos
_b: memoria acerca de su estado en el curso académico de 1914 a 1915 /
_cEloy García de Quevedo y Concellón.
260 _aBurgos :
_b[s.n.,
_c1915]
610 2 4 _aInstituto General y Técnico de Burgos-
_vMemorias.
_9144974
852 _aES-MaACL
_j1500-F-14
999 _c70234
_d70234